[Event "CRO-chT U16"]
[Site "Crikvenica"]
[Date "2021.12.20"]
[Round "5.4"]
[White "Ivancic, Ivan"]
[Black "Golubovic, Erik"]
[Result "1/2-1/2"]
[WhiteElo "1167"]
[BlackElo "1426"]
[PlyCount "47"]
[EventDate "2021.12.18"]
[EventType "team-tourn"]
[EventRounds "7"]
[EventCountry "CRO"]
[SourceTitle "CBM 206 Extra"]
[Source "ChessBase"]
[SourceDate "2022.03.31"]
[SourceVersion "1"]
[SourceVersionDate "2022.03.31"]
[SourceQuality "1"]
[WhiteTeam "Crikvenica"]
[BlackTeam "Rijeka"]
[WhiteTeamCountry "CRO"]
[BlackTeamCountry "CRO"]

1. e4 e5 2. Nf3 Nc6 3. d4 exd4 4. Bc4 Bc5 5. c3 Nf6 6. e5 d5 7. Bb5 Ne4 8. cxd4 Bb6 9. Nc3 0-0 10. Be3 Bd7 11. Bd3 Bg4 12. h3 Bh5 13. Qb3 Nxc3 14. bxc3 Na5 15. Qc2 Bg6 16. 0-0 Bxd3 17. Qxd3 Nc4 18. Nd2 Nxd2 19. Bxd2 f6 20. f4 Qe7 21. Be3 Rad8 22. a4 c5 23. Rac1 cxd4 24. cxd4 1/2-1/2